000 00853nam a2200217 a 4500
001 000023917
005 20200930022552.0
008 110117s1972 mx abc r 000 0 spa d
040 _aDO-SdBNP
_bspa
_cBNPHU
082 _axxxxx
_bC397s
110 1 _aCentro Regional de Ayuda Técnica.
_949164
245 1 3 _aEl sistema de distribución y comercialización de fertilizantes en Perú :
_banálisis y recomendaciones /
_cRay B. Diamond , John E. Culp , Jon L. Nevins , Charles H. Davis.
260 _aMéxico, D. F. ; :
_bAgencia para el Desarrollo Internacional (A.I.D.),
_c1972.
300 _a134 p. :
_bil., mapas., retrs. ;
_c28 cm.
500 _aIncluye notas al pie de las páginas.
700 1 _aDiamond, Ray B.
_949211
700 1 _aCulp, John E.
_949212
700 1 _aNevins, Jon L.
_949213
700 1 _aDavis, Charles H.
_949214
049 _aBNGR
999 _c23413
_d23413